Państwa świata po kształcie flagi #3 - Statystyki

Ogólne statystyki
  • Ten quiz został rozwiązany 7 946 razy
  • Średni wynik to 13 z 16
Statystyki odpowiedzi
Obrazkowy Odpowiedź % Poprawnych
Chiny
100%
Hiszpania
98%
Kanada
98%
Białoruś
97%
Wielka Brytania
97%
Izrael
96%
Mołdawia
89%
Peru
89%
Sri Lanka
86%
Niger
76%
Papua-Nowa Gwinea
76%
Burkina Faso
66%
Trynidad i Tobago
64%
Bahamy
61%
Gujana
54%
Fidżi
49%
Nie znaleziono quizów pasujących do podanych kryteriów
Rozkład punktacji
Procent ludzi z każdym wynikiem
Percentyl według liczby udzielonych odpowiedzi
Twoja historia wyników
Nie rozwiązałeś tego quizu